| 000 | 01148nam a22003377a 4500 | ||
|---|---|---|---|
| 003 | CHAP | ||
| 005 | 20220329134609.0 | ||
| 008 | 971013s1986 r 00010 d | ||
| 010 | _a22797 | ||
| 011 | _a23769 | ||
| 035 | _a27866 | ||
| 040 | _cCHAP | ||
| 090 | _aTesis | ||
| 100 | 0 | 0 |
_aAvila Mujica, Ignacio. _98818 |
| 245 | _aProyecto de ordenación de la Cuenca hidrográfica de la Presa "San José", municipio de San Luis Potosí, S.L.P. | ||
| 260 |
_aChapingo, Méx. : _bEl autor, _c1986 |
||
| 300 |
_a78 h. _b; gráfs. ; mapas |
||
| 502 | _aTesis (Ing. Agr. Esp. en Bosques) -- UACH. División de Ciencias Forestales | ||
| 590 |
_aALEPH _b10 _c20130110 _lUCH01 _h1247 |
||
| 590 |
_aBATCH-UPD _b10 _c20130110 _lUCH01 _h0912 |
||
| 590 |
_aBATCH-UPD _b10 _c20130410 _lUCH01 _h0537 |
||
| 590 |
_aBATCH-UPD _b10 _c20130914 _lUCH01 _h0457 |
||
| 590 |
_aCONVERSION _b10 _c20130109 _lUCH01 _h1313 |
||
| 650 | 1 | 4 |
_aCuencas. _930085 |
| 650 | 1 | 4 |
_aHidrografía. _955239 |
| 650 | 1 | 4 |
_aPresa San José, S. L. P. _991472 |
| 650 | 1 | 4 |
_aTierras _xRecuperación de. _9113120 |
| 901 | _aBK | ||
| 942 | _cTESIS | ||
| 949 |
_bBC _cTES _d-64423 _eTS1 _h19272 _i27866 _si |
||
| 999 |
_c22797 _d22797 |
||